Biggest Automakers Quiz Stats

 Plays Quiz Updated Mar 21, 2018

Support Sporcle.
Go Orange.
Score 0/20 Timer 06:00
2 Plays Today
2015 Production Company % Correct
6,396,369Ford
96.4%
10,083,831Toyota
92%
4,543,838Honda
86.1%
7,485,587General Motors
85.8%
2,279,503BMW
75.4%
7,988,479Hyundai Kia
63.9%
9,872,424Volkswagen
61.4%
5,170,074Nissan
56.3%
4,865,233Fiat-Chrysler
44.2%
1,218,853Mitsubishi
38.7%
2015 Production Company % Correct
1,540,576Mazda
38.5%
2,982,035Peugeot-Citroën
29.6%
3,032,652Renault
26.5%
3,034,081Suzuki
26.2%
2,134,645Daimler
16.8%
1,009,369Tata
5.6%
2,260,579SAIC
3.5%
1,209,296Dongfeng
2.5%
1,169,894BAIC
2.3%
1,540,133Chang'an
0.5%

From the Vault

'G' Countries on a Map

by RobPro

Watch out for the letter 'G', it'll getcha!
Remove Ads.
Support Sporcle.
Get the best of Sporcle when you Go Orange. This ad-free experience offers more features, more stats, and more fun while also helping to support Sporcle. Thank you for becoming a member.

Show Comments

Extras

Top Quizzes Today


Score Distribution

Your Account Isn't Verified!

In order to create a playlist on Sporcle, you need to verify the email address you used during registration. Go to your Sporcle Settings to finish the process.

Report this User

Report this user for behavior that violates our Community Guidelines.

Details: